| 000 | 01223cab a2200349 4500 | ||
|---|---|---|---|
| 001 | ABS47800 | ||
| 008 | 090401t xxu||||| |||| 00| 0 eng d | ||
| 035 | _a(Sirsi) u63441 | ||
| 041 | _aeng | ||
| 100 | _aMiglio, B.F. | ||
| 245 | 4 | _aThe staining and discoloration of stone | |
| 260 | _c11(3) Winter 1992/93, 234-243 (10) | ||
| 350 | _a0 | ||
| 490 |
_aStructural Survey _v11(3) Winter 1992/93, 234-243 (10) |
||
| 520 | _aDistinguishes between discoloration and staining and describes the properties of various types of stone, which cause discoloration and what conditions and treatment, such as cutting or transportation, will cause staining. Also runs through the main techniques to determine the type of stain. | ||
| 650 | _aDISCOLOURATION | ||
| 650 | _aGRANITE | ||
| 650 | _aLASER IONISATION MASS ANALYSIS | ||
| 650 | _aLIMA | ||
| 650 | _aLIMESTONE | ||
| 650 | _aMARBLE | ||
| 650 | _aSCANNING ELECTRON MICROSCOPY | ||
| 650 | _aSECONDARY ION MASS SPECTROMETRY | ||
| 650 | _aSEM | ||
| 650 | _aSIMS | ||
| 650 | _aSTAINING | ||
| 650 | _aBUILT ENVIRONMENT-BUILDING MATERIALS-STONE | ||
| 690 | _aBUILT ENVIRONMENT-BUILDING MATERIALS | ||
| 700 | _aHunt, B.J. | ||
| 942 | _n0 | ||
| 948 | _c04/03/1997 | ||
| 999 |
_c39431 _d39431 |
||